000 00566aas a2200181 4500
999 _c61056
_d61056
001 768714001
003 CO-MdFUSB
005 20170829151810.0
008 170829s2005 xxu||||| |||| 00| 0 eng d
022 _a0120-3649
040 _aCO-MdFUSB
_bspa
_cCO-MdFUSB
_dCO-MdFUSB
041 _aeng
245 1 0 _aSifting the Temple Mount Dump
300 _aVolumen 31. Número 4 (2005), páginas 14-15
_c: 28 cm.
546 _aTexto en inglés
773 0 _tBiblical Archaeology Review
_049395
_959452
_gVolumen 31. Número 4 (2005), páginas 14-15
_qPágina 14
942 _cANA